000 00679nam a2200241Ia 4500
003 OSt
005 20221006150035.0
006 a|||||r|||| 00| 0
007 ta
008 221006b |||||||| |||| 00| 0 jpn d
024 _a16,861
037 _bGift, Japan Foundation
_cTextual
040 _aEASL
_cEASL
_bjpn
041 _2jpn
_ajpn
082 _aC9B2.24.N82t, M2
100 _aGENSHIRYOKU Iinkai Ed.
_9655727
245 0 _aGenshiyoku hakusho
260 _aTokyo
_bOkurasho Japan
_c1982
300 _ap.
_ccm.
650 _aJL
942 _hC9B2.24.N82t, M2
_cTEXL
_2CC
999 _c1084947
_d1084947